United States Chain of Succession - Statistics

General Stats
  • This quiz has been taken 620 times
  • The average score is 9 of 18
Answer Stats
Hint Answer % Correct
1 Vice President
99%
2 Speaker of the House
88%
4 Secretary of State
77%
6 Secretary of Defense
65%
16 Secretary of Education
51%
5 Secretary of the Treasury
51%
8 Secretary of the Interior
47%
18 Secretary of Homeland Security
46%
14 Secretary of Transportation
45%
3 President pro tempore of the Senate
41%
9 Secretary of Agriculture
41%
13 Secretary of Housing and Urban Development
39%
15 Secretary of Energy
38%
12 Secretary of Health and Human Services
38%
7 Attorney General
35%
10 Secretary of Commerce
32%
11 Secretary of Labor
28%
17 Secretary of Veterans Affairs
27%
No matching quizzes found
Score Distribution
Percent of People with Each Score
Percentile by Number Answered
Your Score History
You have not taken this quiz